000 02731cam a22005294i 4500
003 PE-LiUPU
005 20250731180137.0
008 150625s2004 mx a r 000 0 spa d
020 _a9707291427
020 _a9789707291423
035 _a(Sirsi) i9789707291423
040 _aPE-LiUPU
_bspa
_cPE-LiUPU
_dPE-LiUPU
_erda
049 _aPRUA
082 0 4 _a545.7
_bF23
_221
100 1 _aFarías Martíñez, Guillermo,
_eautor.
245 1 0 _aGasometría; equilibrio ácido-base en la clínica /
_cGuillermo Farías Martínez.
250 _a2a edición.
264 1 _aMéxico :
_bEl Manual Moderno,
_c2004.
300 _a126 páginas :
_bilustraciones ;
_c23 centímetros
336 _atext
_2rdacontent
337 _aunmediated
_2rdamedia
338 _avolume
_2rdacarrier
505 0 _aAtmósfera -- Respiración Hematosis -- Fenómenos químicos en el transporte de gases por la sangre -- Factores que determinan la cantidad de oxígenos transporte por sangre -- Los gases sanguíneos a nivel de los tejidos -- Transporte de anhídrido carbónico -- Interpretación clínica de la gasometría -- Equilibrio ácido-Base -- Los iones hidrógeno en el humano -- Función de los iones hidrógeno en el humano -- Control del organismo de los iones hidrógeno -- Amortiguadores (buffer o tampones) -- Gastronomía y desequilibrio ácido-base en problemas de etiología respiratoria -- Gasometría y equilibrio ácido-base en problemas metabólicos -- Gasometría y equilibrio ácido-base en problemas de etiología renal -- Gasometría y equilibrio ácido-base en procesos de etiología digestiva -- Equilibrio ácido-base y sistema nerviosos.
526 _aSEG44
526 _aSEG26
526 _aP159
526 _aP155
526 _aP154
526 _aP153
526 _aP150
526 _aP100
526 _aP31
526 _aP30
526 _aP26
526 _aP25
526 _aP24
526 _aP22
526 _aP15
526 _aP10
541 _g3838;
650 0 4 _aGasometría.
942 _2ddc
_cBOOK
949 _aPGS 545.7 F23
_wDEWEY
_c1
_i59209
_d2015-10-29
_lCCODEBUL1
_mBUL
_p48.00
_q2
_r0
_sY
_tBOOK
_u2015-6-25
_xINGENIERIA
_PP82
_0COMPRA
_o.CIRCNOTE. No olvidar cambiar la fecha de devolución!!!!!!!
_o.STAFF. Colección Ciencias de la Salud
994 _aC0
_bPEPRU
596 _a1
999 _aPGS 545.7 F23
_wDEWEY
_c48014
_i59209
_d48014
_e2018-9-24
_f2021-11-3
_g7
_lCCODEBUL1
_mBUL
_n3
_p48.00
_q2
_r0
_sY
_tBOOK
_u2015-6-25
_xSALUD
_zP82
_0COMPRA
_o.CIRCNOTE. No olvidar cambiar la fecha de devolución!!!!!!!
_o.STAFF. Colección Ciencias de la Salud
980 _81
_gALBERTO SANCHEZ Responsable de Automatización